| 000 | | | 04510nac2a22002893x 450 |
| 001 | | | 08b090fc-4ed0-4ac2-a83c-82bc5c09c54e |
| 005 | | | 20230623213339.0 |
| 100 | ## | $a | 20230605l19291929k y0rusy50 ca |
| 101 | 0# | $a | rus |
| | $a | mul |
| 102 | ## | $a | RU |
| 105 | ## | $a | y z ||||| |
| 122 | 2# | $a | d19290531 |
| | $a | d19290819 |
| 200 | 1# | $a | Заявление уполномоченного селений ....., Чаква, Чаква-Дзири по вопросу о заселении граждан названных селений с арендуемых ими участков земли |
| | $j | Май - 19 августа 1929 |
| 215 | ## | $a | 4 листа |
| | $d | 35,9 х 24,6 |
| 251 | ## | $c | Дело |
| 300 | ## | $a | Заголовок дела на папке: Заявление уполномоченного селений Махинджаури, Зеленый Мыс, Чаква, Чихис-Дзири по вопросу о выселении граждан названных селений с арендуемых ими участков земли |
| 300 | ## | $a | На папке дела: Июнь 1929 г. - 19 августа 1929 г. |
| 300 | ## | $a | Часть текста на языках народов СССР |
| 300 | ## | $a | Часть текста машинописная и рукописная, часть - напечатана типографским способом |
| 324 | ## | $a | В деле имеются копии отдельных документов |
| 461 | #0 | $1 | 001796d4672-8a00-4986-b488-6e42273792cc |
| | $1 | 2001 |
| | $a | ЦЕНТРАЛЬНЫЙ ИСПОЛНИТЕЛЬНЫЙ КОМИТЕТ СССР (ЦИК СССР). |
| | $1 | 251 |
| | $c | Фонд |
| | $1 | 852 |
| | $g | Р |
| | $j | 3316 |
| 462 | #0 | $1 | 0016e6e8ba4-e15f-4ad4-8937-f1e88c150bfe |
| | $1 | 2001 |
| | $a | Дела Секретариата Президиума ЦИК Союза ССР. 1929 г. |
| | $v | Д. 380 |
| | $1 | 251 |
| | $c | Опись |
| | $1 | 852 |
| | $j | 22 |
| 517 | 1# | $a | Заявление уполномоченного селений Махинджаури, Зеленый Мыс, Чаква, Чихис-Дзири по вопросу о выселении граждан названных селений с арендуемых ими участков земли |
| 601 | 01 | $3 | RU\NLR\AUTH\880357276 |
| | $a | СССР |
| | $b | ЦИК |
| 801 | #0 | $a | RU |
| | $b | GA_RF |
| 801 | #1 | $a | RU |
| | $b | ГлавНИВЦ |
| | $c | 20230605 |
| | $2 | rusmarc |
| 801 | #2 | $a | RU |
| | $b | ПБ им. Б.Н. Ельцина |
| | $c | 20230623 |
| | $g | RCR |
| | $2 | rusmarc |
| 852 | ## | $a | ГА РФ |
| | $j | 380 |
| 937 | ## | $d | 185684846 |
| | $h | ГАРФ |
| 035 | ## | $a | RuPRLIB51071630 |
| 856 | ## | $u | http://readingroom.main.prlib.ru/item.aspx?id_node=n185684846&mode=full |